000 00349pab a2200157 454500
008 180718b2005 xxu||||| |||| 00| 0 eng d
100 _aGeetha, N.
245 _aThe feminization of leadership
260 _c2005
300 _ap.37-38.
362 _aJul
650 _aLeadership
650 _aWomen
773 _aSocial Welfare
909 _a66040
999 _c66040
_d66040